000 01229nam0a2200337 4500
001 RU\NLR\BIBL_A\012233499
005 20251013192155.0
010 _a978-5-6040258-2-6
_92000
021 _aRU
_bКН-П-19-104319
_9КН-П-19-7690
035 _a(NLR Aleph) 012233499
090 _a13299982
_c13299982
100 _a20200302d2019 m y0rusy50 ca
101 0 _abak
102 _aRU
105 _ay z 000 y
181 0 _ai
_baxxe
182 0 _an
200 1 _aКисенбикә юлы
_eповесть
_fСалауат Әбүзәр
203 _aТекст
_bвизуальный
_cнепосредственный
210 _aӨфө
_cБ. и.
_d2019
215 _a105 б.
_cил.
_d21
300 _aВ вып. дан. авт.: Абузаров Салават Назирович.
541 1 _6z01790
_aПуть Кисенбики
_eповесть.
_zrus
686 1 _aШ6(2=Баш)7-4
700 1 _aӘбүзәр
_bС.
_f1967-
_gСалауат
_3RU\NLR\auth-onl\77245
_4070
702 1 _aБайсарова
_bК.
_f1679-?
_gКисенбика
_4570
790 1 _6z01541
_aАбузар
_bС.
_f1967-
_gСалават
_3RU\NLR\auth-onl\77246
_4070
852 _aNLR
_bОНЛ
_jБашк./3-5852
942 _cBOOK
980 _aNB